[Event "Xtracon Chess Open 2016"]
[Site "Elsinore"]
[Date "2016.07.31"]
[Round "10.51"]
[White "Hartung Nielsen, Jens"]
[Black "Meurman, Arne"]
[Result "1-0"]
[WhiteElo "2194"]
[BlackElo "2035"]
[PlyCount "67"]
[EventDate "2016.07.23"]

1. e4 c5 2. d4 cxd4 3. c3 d3 4. Bxd3 Nc6 5. c4 d6 6. Nc3 e6 7. Nf3 Nf6 8. O-O
Be7 9. b3 O-O 10. Bb2 e5 11. h3 a6 12. Rc1 Be6 13. Nd5 b6 14. Bb1 Re8 15. Qe2
Bxd5 16. exd5 Nb8 17. Nd2 Nbd7 18. f4 Bf8 19. fxe5 Nxe5 20. Qf2 Ra7 21. Nf3
Nfd7 22. Nd4 g6 23. Rce1 Nc5 24. Nc6 Nxc6 25. dxc6 Rxe1 26. Rxe1 Ne6 27. Be4
Bg7 28. Bd5 Nc5 29. Bxg7 Kxg7 30. Qd4+ Qf6 31. Qxf6+ Kxf6 32. Rf1+ Kg7 33.
Rxf7+ Rxf7 34. Bxf7 1-0

[Event "Xtracon Chess Open 2016"]
[Site "Elsinore"]
[Date "2016.07.31"]
[Round "10.52"]
[White "Eriksson, Christian Altenburg"]
[Black "Jensen, Michael Agermose"]
[Result "1-0"]
[WhiteElo "2176"]
[BlackElo "2001"]
[PlyCount "97"]
[EventDate "2016.07.23"]

1. e4 g6 2. d4 Bg7 3. Nf3 c5 4. c3 cxd4 5. cxd4 Nf6 6. Nc3 d5 7. e5 Ne4 8. Bd3
Nxc3 9. bxc3 O-O 10. h3 b6 11. Qe2 Bb7 12. O-O Qc8 13. Ba3 Re8 14. Rac1 Ba6 15.
e6 f6 16. c4 Bxc4 17. Bxc4 dxc4 18. Qxc4 Qxc4 19. Rxc4 Na6 20. Rfc1 Bh6 21.
R1c2 Bf4 22. Ra4 Nb8 23. d5 Bd6 24. Bxd6 exd6 25. Rc7 a5 26. Rf4 Na6 27. Rd7
Nb4 28. Rxf6 Nxd5 29. Rff7 Rxe6 30. Rg7+ Kf8 31. Rdf7+ Ke8 32. Ng5 Re1+ 33. Kh2
Ne7 34. Rxe7+ Rxe7 35. Rg8+ Kd7 36. Rxa8 Re2 37. a3 Ra2 38. Nxh7 Rxa3 39. Nf8+
Kc6 40. Nxg6 b5 41. h4 b4 42. Rc8+ Kb5 43. h5 Rc3 44. Rxc3 bxc3 45. Nf4 Kc4 46.
h6 c2 47. Ne2 Kd3 48. Nc1+ Kd2 49. Na2 1-0

[Event "Xtracon Chess Open 2016"]
[Site "Elsinore"]
[Date "2016.07.31"]
[Round "10.53"]
[White "Christensen, Lasse"]
[Black "Rosell, Sven"]
[Result "1/2-1/2"]
[WhiteElo "2162"]
[BlackElo "1996"]
[PlyCount "29"]
[EventDate "2016.07.23"]

1. c4 Nf6 2. Nc3 g6 3. g3 Bg7 4. Bg2 d6 5. e4 O-O 6. Nge2 e5 7. O-O Nbd7 8. d4
c6 9. h3 Qe7 10. Be3 a6 11. a4 b6 12. Qd2 Bb7 13. Rad1 Rfd8 14. d5 cxd5 15.
cxd5 1/2-1/2

[Event "Xtracon Chess Open 2016"]
[Site "Elsinore"]
[Date "2016.07.31"]
[Round "10.54"]
[White "Skjoldager, Per"]
[Black "Kizatbay, Alseit"]
[Result "1/2-1/2"]
[WhiteElo "2160"]
[BlackElo "1945"]
[PlyCount "34"]
[EventDate "2016.07.23"]

1. e4 c5 2. c3 Nf6 3. e5 Nd5 4. d4 cxd4 5. cxd4 d6 6. Bc4 Nb6 7. Bb5+ Bd7 8. e6
fxe6 9. Bd3 g6 10. h4 Nd5 11. h5 Qa5+ 12. Bd2 Qb6 13. Nc3 Nc6 14. hxg6 O-O-O
15. Nf3 Bg7 16. Na4 Qc7 17. gxh7 Nxd4 1/2-1/2

[Event "Xtracon Chess Open 2016"]
[Site "Elsinore"]
[Date "2016.07.31"]
[Round "10.55"]
[White "Madsen, Michael Ole"]
[Black "Grove, Peter"]
[Result "0-1"]
[WhiteElo "2010"]
[BlackElo "2155"]
[PlyCount "58"]
[EventDate "2016.07.23"]

1. d4 Nf6 2. Nf3 c5 3. c3 b6 4. Bf4 Bb7 5. e3 g6 6. h3 Bg7 7. Be2 O-O 8. O-O d6
9. Nbd2 Nbd7 10. Qc2 Re8 11. Rad1 Qc7 12. Rfe1 Qc6 13. Qb3 a6 14. Bf1 e5 15.
dxe5 dxe5 16. Bh2 b5 17. a4 c4 18. Qc2 Nd5 19. b3 N5b6 20. bxc4 bxa4 21. Rb1 a5
22. Qa2 Ba6 23. Ng5 Nc5 24. Be2 e4 25. Ngxe4 Nxe4 26. Bf3 Nxc4 27. Nxe4 Rxe4
28. Bxe4 Qxe4 29. Qxa4 Bxc3 0-1

[Event "Xtracon Chess Open 2016"]
[Site "Elsinore"]
[Date "2016.07.31"]
[Round "10.56"]
[White "Voll, Oddvar U"]
[Black "Burrows, Martin P"]
[Result "0-1"]
[WhiteElo "1967"]
[BlackElo "2149"]
[PlyCount "80"]
[EventDate "2016.07.23"]

1. e4 c5 2. Nf3 d6 3. Bb5+ Nd7 4. O-O Ngf6 5. Re1 a6 6. Bxd7+ Bxd7 7. c3 e5 8.
d4 Qc7 9. dxe5 dxe5 10. c4 h6 11. Nc3 Bd6 12. Be3 O-O 13. h3 Bc6 14. Nd5 Nxd5
15. cxd5 Bd7 16. g4 Qd8 17. Kg2 b5 18. Nd2 c4 19. Rh1 Qh4 20. f3 Rac8 21. Bf2
Qe7 22. Nf1 c3 23. bxc3 Rxc3 24. Ne3 Rfc8 25. Qd2 Ba3 26. h4 Qc5 27. Kg3 Bc1
28. Raxc1 Rxc1 29. Rxc1 Qxc1 30. Qb4 Qc5 31. Qa5 Qd6 32. Be1 Rb8 33. Bb4 Qb6
34. Qa3 Rc8 35. Bd2 Qf6 36. Ba5 h5 37. g5 Qf4+ 38. Kg2 Qxh4 39. Qe7 Bh3+ 40.
Kh2 Bg4+ 0-1

[Event "Xtracon Chess Open 2016"]
[Site "Elsinore"]
[Date "2016.07.31"]
[Round "10.57"]
[White "Merkesvik, Sondre"]
[Black "Westerlund, Ola"]
[Result "1/2-1/2"]
[WhiteElo "2263"]
[BlackElo "1930"]
[PlyCount "79"]
[EventDate "2016.07.23"]

1. Nf3 Nf6 2. g3 g6 3. Bg2 Bg7 4. d4 O-O 5. c4 d6 6. O-O Nbd7 7. b4 a5 8. b5 e5
9. e3 Re8 10. Nc3 exd4 11. exd4 Nb6 12. c5 dxc5 13. dxc5 Qxd1 14. Rxd1 Nfd5 15.
Nxd5 Nxd5 16. Rxd5 Bxa1 17. Bf4 c6 18. bxc6 bxc6 19. Rd6 Be6 20. Ng5 Bxa2 21.
Bxc6 Re1+ 22. Kg2 Rc8 23. Ne4 Rxc6 24. Rxc6 Rxe4 25. Rc8+ Kg7 26. c6 Be6 27.
Rd8 Rc4 28. c7 a4 29. Bd6 h5 30. Rb8 Bd4 31. f4 Kf6 32. Kf3 Bc3 33. Ke3 Ba5 34.
Rb7 Kg7 35. Be5+ Kh6 36. Kd3 Bxc7 37. Bxc7 a3 38. Be5 a2 39. Ra7 Rc8 40. Bf6
1/2-1/2

[Event "Xtracon Chess Open 2016"]
[Site "Elsinore"]
[Date "2016.07.31"]
[Round "10.58"]
[White "Roe, Simon J"]
[Black "Janse, Alexander"]
[Result "1-0"]
[WhiteElo "2238"]
[BlackElo "2017"]
[PlyCount "69"]
[EventDate "2016.07.23"]

1. g3 Nf6 2. Bg2 c5 3. c4 e6 4. Nf3 Be7 5. O-O Nc6 6. d4 cxd4 7. Nxd4 Qc7 8.
Nb5 Qb8 9. Bf4 e5 10. Bg5 O-O 11. N1c3 a6 12. Na3 Ne8 13. Be3 Bxa3 14. bxa3 Qd6
15. Qxd6 Nxd6 16. Bc5 Nxc4 17. Bxf8 Kxf8 18. a4 d6 19. Rfd1 Be6 20. Rab1 Ra7
21. Nd5 Ke8 22. Rdc1 N6a5 23. Rb4 Kd7 24. Rcxc4 Nxc4 25. Rxc4 b5 26. Rc2 bxa4
27. Nb6+ Kd8 28. Nxa4 Rc7 29. Rxc7 Kxc7 30. Nc3 Kb6 31. e3 Kc5 32. Kf1 Kb4 33.
Nd5+ Ka3 34. Ke1 Kxa2 35. Nb4+ 1-0

[Event "Xtracon Chess Open 2016"]
[Site "Elsinore"]
[Date "2016.07.31"]
[Round "10.59"]
[White "Muhsen, Abdulla.mohmmed"]
[Black "Schmitt, Carsten"]
[Result "1-0"]
[WhiteElo "2227"]
[BlackElo "2008"]
[PlyCount "105"]
[EventDate "2016.07.23"]

1. d4 d5 2. Nf3 e6 3. e3 c5 4. c3 Nf6 5. Bd3 Nc6 6. Nbd2 Be7 7. O-O O-O 8. dxc5
Bxc5 9. e4 Qc7 10. exd5 exd5 11. h3 h6 12. Nb3 Bd6 13. Nbd4 a6 14. Be3 Bf4 15.
Re1 Bd7 16. Nxc6 bxc6 17. Bd4 Nh7 18. Bc2 Rfe8 19. Rxe8+ Bxe8 20. Qd3 Nf8 21.
Re1 c5 22. Be5 Bxe5 23. Qxd5 Bxc3 24. Qxa8 Bxe1 25. Qxe8 Ba5 26. Ne5 g6 27. Bb3
Kg7 28. Bc4 Kf6 29. Nxf7 Qe7 30. Qxe7+ Kxe7 31. Nxh6 Bd2 32. Ng8+ Kd6 33. Nf6
Bc1 34. b3 a5 35. Ne4+ Kc6 36. a4 Bb2 37. f4 Bd4+ 38. Kh2 Kd7 39. Kg3 Ke7 40.
Kf3 Nd7 41. g4 Nf6 42. Nxf6 Kxf6 43. g5+ Kg7 44. Kg4 Bf2 45. h4 Be1 46. h5
gxh5+ 47. Kxh5 Bd2 48. f5 Bc3 49. f6+ Kh8 50. Kg6 Bd4 51. Kf7 Bc3 52. Bd3 Bxf6
53. Kxf6 1-0

[Event "Xtracon Chess Open 2016"]
[Site "Elsinore"]
[Date "2016.07.31"]
[Round "10.60"]
[White "Christensen, Casper"]
[Black "Kaasen, Tor Fredrik"]
[Result "1-0"]
[WhiteElo "2012"]
[BlackElo "2219"]
[PlyCount "137"]
[EventDate "2016.07.23"]

1. e4 c5 2. Nf3 d6 3. d4 cxd4 4. Nxd4 Nf6 5. Nc3 g6 6. Be2 Bg7 7. Be3 O-O 8.
O-O Nc6 9. h3 d5 10. Bf3 Nxe4 11. Nxe4 Nxd4 12. Bxd4 Bxd4 13. Qxd4 dxe4 14.
Qxe4 Qb6 15. b3 Re8 16. c4 Rb8 17. Rfe1 Bf5 18. Qf4 Rbd8 19. Qe3 Qa6 20. Qc5 b6
21. Qb4 e5 22. Bc6 Bd7 23. Bd5 Qc8 24. Qc3 Qc7 25. Re3 Be6 26. Qxe5 Qxe5 27.
Rxe5 Bxd5 28. Rxe8+ Rxe8 29. cxd5 Re2 30. Rd1 Kf8 31. a4 Ke7 32. Kf1 Rc2 33.
Rd3 Kd6 34. g4 a5 35. Kg2 Rc5 36. Rf3 Ke7 37. d6+ Ke6 38. Rd3 Kd7 39. Kf3 f5
40. Kf4 h6 41. g5 h5 42. h4 b5 43. axb5 Rxb5 44. Rd4 Rxb3 45. Ke5 Rb4 46. Rd1
Re4+ 47. Kf6 Re6+ 48. Kf7 a4 49. Ra1 Re2 50. Kxg6 Rxf2 51. Kh7 Rf4 52. g6 Rxh4
53. Rg1 Rb4 54. g7 Rb8 55. Kg6 Kxd6 56. Kxf5 Kc5 57. g8=Q Rxg8 58. Rxg8 a3 59.
Ke4 Kc4 60. Rc8+ Kb3 61. Kd3 a2 62. Rb8+ Ka3 63. Kc2 a1=N+ 64. Kc3 Ka2 65. Rb2+
Ka3 66. Rh2 h4 67. Rxh4 Ka2 68. Rb4 Ka3 69. Rb2 1-0

[Event "Xtracon Chess Open 2016"]
[Site "Elsinore"]
[Date "2016.07.31"]
[Round "10.61"]
[White "Rolvag, Mikael"]
[Black "Kakulidis, Ellen"]
[Result "1-0"]
[WhiteElo "2214"]
[BlackElo "1989"]
[PlyCount "83"]
[EventDate "2016.07.23"]

1. d4 e6 2. c4 Nf6 3. Nf3 b6 4. g3 Bb7 5. Bg2 Be7 6. O-O O-O 7. Nc3 Ne4 8. Bd2
d6 9. d5 Nxc3 10. Bxc3 Bf6 11. Nd4 Bxd4 12. Qxd4 e5 13. Qd2 f5 14. f4 Nd7 15.
Rae1 e4 16. g4 Qe7 17. g5 Kf7 18. Qd4 Rg8 19. b4 b5 20. a4 bxc4 21. a5 Ba6 22.
Ra1 Qd8 23. Rfb1 Bb5 24. Ra3 a6 25. Ba1 c3 26. Bf1 Qb8 27. Qxc3 Qa7+ 28. Kg2
Qb7 29. Rd1 Nf8 30. Qh3 Bd7 31. Rc3 Ng6 32. e3 Ne7 33. Rdc1 Rac8 34. Bc4 Nxd5
35. Qh5+ Kf8 36. Qxh7 c6 37. Qg6 Ke7 38. Bxd5 cxd5 39. Rxc8 Bxc8 40. Bxg7 Qd7
41. Qh7 Re8 42. Bd4+ 1-0

[Event "Xtracon Chess Open 2016"]
[Site "Elsinore"]
[Date "2016.07.31"]
[Round "10.62"]
[White "Svedberg, Hans"]
[Black "Thuesen, Mogens Henrik"]
[Result "1/2-1/2"]
[WhiteElo "1985"]
[BlackElo "2200"]
[PlyCount "82"]
[EventDate "2016.07.23"]

1. e4 e6 2. b3 d5 3. Bb2 dxe4 4. Nc3 Nf6 5. Qe2 Qd4 6. O-O-O Bd7 7. f3 Bc6 8.
Kb1 Qb4 9. fxe4 Nxe4 10. Nf3 Nd7 11. Nxe4 Qxe4 12. Qf2 Qf4 13. Be2 Bc5 14. d4
Be7 15. Rhf1 Bf6 16. Bc1 Qf5 17. Bd3 Be4 18. Bxe4 Qxe4 19. Rfe1 Qd5 20. g4
O-O-O 21. g5 Be7 22. Ne5 Nxe5 23. dxe5 Qxd1 24. Rxd1 Rxd1 25. Qxa7 Bxg5 26.
Qa8+ Kd7 27. Qxh8 Bxc1 28. c4 Bf4+ 29. Kc2 Rd2+ 30. Kc3 Re2 31. a4 Bxe5+ 32.
Kd3 Rb2 33. Qf8 Rxb3+ 34. Ke4 f6 35. Qxg7+ Kc6 36. Qe7 Bxh2 37. Qxe6+ Bd6 38.
Qd5+ Kd7 39. c5 Rb4+ 40. Kd3 Rxa4 41. cxd6 Ra6 1/2-1/2

[Event "Xtracon Chess Open 2016"]
[Site "Elsinore"]
[Date "2016.07.31"]
[Round "10.63"]
[White "Larsen, Ulrik"]
[Black "Wilbrandt, Simon Pil"]
[Result "0-1"]
[WhiteElo "1983"]
[BlackElo "2190"]
[PlyCount "182"]
[EventDate "2016.07.23"]

1. e4 g6 2. d4 Bg7 3. Nc3 d6 4. f4 Nf6 5. Nf3 O-O 6. Bd3 Nc6 7. e5 dxe5 8. fxe5
Nd5 9. Nxd5 Qxd5 10. c3 f6 11. Qe2 Kh8 12. exf6 exf6 13. Bf4 Bf5 14. O-O Rfe8
15. Qd2 Bxd3 16. Qxd3 Re7 17. b3 Ne5 18. Qe2 Nxf3+ 19. Qxf3 Qxf3 20. Rxf3 Rae8
21. Kf1 c6 22. Bg3 Kg8 23. Re1 Rxe1+ 24. Bxe1 Kf7 25. Bd2 Re4 26. Kf2 Ke6 27.
Re3 Rxe3 28. Bxe3 Kd5 29. Kf3 b5 30. g4 Bf8 31. h3 Ba3 32. Bd2 b4 33. cxb4 Bb2
34. Ke3 a6 35. Kd3 Bxd4 36. Bf4 Bf2 37. Bc7 Be1 38. Bd8 f5 39. gxf5 gxf5 40.
Be7 Ke5 41. Ke2 Bg3 42. Kf3 Bf4 43. Bc5 Bd2 44. Ke2 Bg5 45. Kf3 Kf6 46. Bf2 Bd2
47. Bc5 Kg6 48. Be7 Kh5 49. Kg3 Bg5 50. Bd6 Kg6 51. Kf3 Kf6 52. Bc5 Ke5 53. Bb6
Bd2 54. Bc5 h5 55. Ke2 Bc3 56. Kd3 Be1 57. Ke2 Bg3 58. Kf3 h4 59. Be3 Kd5 60.
Bc5 Be1 61. Ke2 Bg3 62. Kf3 Bd6 63. Bf2 Be7 64. Kf4 Ke6 65. Bd4 Bxb4 66. Bf2
Bd2+ 67. Kf3 Bg5 68. Bb6 Kd5 69. Bf2 c5 70. a4 Kd6 71. Be1 Kc6 72. Bc3 Kd5 73.
Be1 Kd4 74. Bf2+ Kc3 75. Bxc5 Kxb3 76. a5 Kc4 77. Bb6 Kb5 78. Bc7 Bd2 79. Bd8
Bxa5 80. Bxh4 Bd2 81. Ke2 Bh6 82. Kd3 a5 83. Be7 Ka4 84. Kc4 f4 85. Bc5 f3 86.
Bd4 Ka3 87. h4 a4 88. h5 Ka2 89. Kd3 Kb3 90. Ke4 Kc4 91. Bf2 a3 0-1

[Event "Xtracon Chess Open 2016"]
[Site "Elsinore"]
[Date "2016.07.31"]
[Round "10.64"]
[White "Hinrichs, Lars"]
[Black "Aubert, Carsten"]
[Result "1-0"]
[WhiteElo "2157"]
[BlackElo "1977"]
[PlyCount "97"]
[EventDate "2016.07.23"]

1. e4 e5 2. Nf3 Nc6 3. Bc4 Nf6 4. d4 exd4 5. O-O d6 6. Nxd4 Be7 7. Nc3 O-O 8.
h3 Bd7 9. Be3 Nxd4 10. Qxd4 c5 11. Qd3 Bc6 12. Rad1 Qc7 13. Bf4 Rad8 14. Nd5
Nxd5 15. Bxd5 Bf6 16. c3 Rfe8 17. f3 Bxd5 18. Qxd5 Be7 19. Rd2 b5 20. Rfd1 Qb6
21. Bg5 Bxg5 22. Qxg5 h6 23. Qf4 Re6 24. Rd5 f6 25. Kh1 a6 26. Qe3 Qc6 27. Rxc5
dxc5 28. Rxd8+ Kf7 29. Qf4 Re5 30. Qd2 Ke7 31. Rg8 Kf7 32. Rb8 Qc7 33. Ra8 Re6
34. Qd5 Ke7 35. Re8+ Kxe8 36. Qxe6+ Kf8 37. Qxa6 Qd7 38. Qa8+ Ke7 39. Qd5 Qxd5
40. exd5 Kd6 41. Kg1 c4 42. Kf2 Kxd5 43. Ke3 Ke5 44. b3 Kd5 45. Kf4 g6 46. h4
Kc5 47. h5 g5+ 48. Kf5 Kd6 49. bxc4 1-0

[Event "Xtracon Chess Open 2016"]
[Site "Elsinore"]
[Date "2016.07.31"]
[Round "10.65"]
[White "Leutwyler, Martin"]
[Black "Taksrud, Vidar"]
[Result "1-0"]
[WhiteElo "2145"]
[BlackElo "1979"]
[PlyCount "51"]
[EventDate "2016.07.23"]

1. d4 Nf6 2. Nf3 e6 3. g3 c5 4. Bg2 cxd4 5. Nxd4 Nc6 6. O-O d5 7. c4 Be7 8. Nc3
Nxd4 9. Qxd4 dxc4 10. Qxc4 O-O 11. Rd1 Qb6 12. Be3 Qxb2 13. Nb5 a6 14. Nc7 b5
15. Qb3 Qxb3 16. axb3 Rb8 17. Ba7 Rb7 18. Bxb7 Bxb7 19. Nxa6 Bd5 20. Bc5 Bxc5
21. Nxc5 Rc8 22. Rac1 Ra8 23. f3 g5 24. e4 Bc6 25. Nxe6 Bxe4 26. Nc7 1-0

[Event "Xtracon Chess Open 2016"]
[Site "Elsinore"]
[Date "2016.07.31"]
[Round "10.66"]
[White "Royset, Pal"]
[Black "Strachan, Christian C"]
[Result "1-0"]
[WhiteElo "2144"]
[BlackElo "1964"]
[PlyCount "47"]
[EventDate "2016.07.23"]

1. e4 e6 2. d4 d5 3. Nc3 Nf6 4. e5 Nfd7 5. f4 c5 6. Nf3 Nc6 7. Be3 a6 8. Qd2 b5
9. dxc5 Nxc5 10. Qf2 Nd7 11. Bd3 Be7 12. O-O-O Rb8 13. Qg3 g6 14. f5 Nc5 15.
fxg6 Nxd3+ 16. Rxd3 hxg6 17. Kb1 Qa5 18. Ne2 b4 19. Rf1 Rb7 20. Qf4 Qd8 21.
Nfd4 Nxd4 22. Qxf7+ Kd7 23. Nxd4 Rb6 24. Nxe6 1-0

[Event "Xtracon Chess Open 2016"]
[Site "Elsinore"]
[Date "2016.07.31"]
[Round "10.67"]
[White "Krokay, Urszula"]
[Black "Moe, Mogens"]
[Result "0-1"]
[WhiteElo "2003"]
[BlackElo "2138"]
[PlyCount "94"]
[EventDate "2016.07.23"]

1. Nf3 Nf6 2. c4 g6 3. b4 Bg7 4. Bb2 O-O 5. g3 d5 6. cxd5 Qxd5 7. Nc3 Qh5 8. h3
Nbd7 9. Bg2 g5 10. Qc2 h6 11. g4 Qg6 12. Qxg6 fxg6 13. O-O Ne4 14. Nxe4 Bxb2
15. Rab1 Bg7 16. Rfc1 c6 17. b5 cxb5 18. Rxb5 a6 19. Rb4 Rb8 20. Nc5 Nxc5 21.
Rxc5 Rd8 22. Rc7 Rd7 23. Rxd7 Bxd7 24. Re4 Kf7 25. Ne5+ Bxe5 26. Rxe5 b5 27.
Rc5 Be6 28. Bd5 Bxd5 29. Rxd5 Ke6 30. Rd3 a5 31. Kf1 Rc8 32. Rc3 Rxc3 33. dxc3
Kd5 34. Ke1 Ke4 35. Kd2 h5 36. gxh5 gxh5 37. Kc2 h4 38. f3+ Kf4 39. Kb2 a4 40.
Ka3 Kg3 41. Kb4 Kxh3 42. Kxb5 Kg2 43. c4 h3 44. c5 h2 45. c6 h1=Q 46. c7 Qc1
47. Kb6 Kf2 0-1

[Event "Xtracon Chess Open 2016"]
[Site "Elsinore"]
[Date "2016.07.31"]
[Round "10.68"]
[White "Skovgaard, Ib"]
[Black "Heinis, Vincent"]
[Result "0-1"]
[WhiteElo "1972"]
[BlackElo "2131"]
[PlyCount "38"]
[EventDate "2016.07.23"]

1. e4 d5 2. exd5 Qxd5 3. Nc3 Qa5 4. d4 Nf6 5. Bd2 Bg4 6. f3 Bd7 7. Bc4 Qb6 8.
Nge2 e6 9. a4 a5 10. Bf4 Bb4 11. O-O O-O 12. Be5 Nc6 13. Kh1 Be7 14. Qd2 Rad8
15. Nb5 Nxe5 16. dxe5 Bxb5 17. Qf4 Nd5 18. Qg4 Ne3 19. Qf4 Bxc4 0-1

[Event "Xtracon Chess Open 2016"]
[Site "Elsinore"]
[Date "2016.07.31"]
[Round "10.69"]
[White "Hofmann, Rares"]
[Black "Justinussen, Sigurd B"]
[Result "1/2-1/2"]
[WhiteElo "2118"]
[BlackElo "1959"]
[PlyCount "84"]
[EventDate "2016.07.23"]

1. d4 d5 2. Nc3 Nf6 3. Bf4 c6 4. f3 Bf5 5. g4 Bg6 6. h4 h5 7. g5 Nfd7 8. e3 e6
9. Bd3 Bxd3 10. Qxd3 g6 11. e4 Qb6 12. exd5 cxd5 13. Nb5 Na6 14. c3 Rc8 15. a4
Qa5 16. Ne2 Nc7 17. Bxc7 Rxc7 18. Nxc7+ Qxc7 19. Rc1 Bd6 20. c4 Qa5+ 21. Kf2
O-O 22. cxd5 e5 23. Nc3 exd4 24. Ne4 Bf4 25. Qxd4 Be5 26. Qd2 Qxa4 27. Kg2 Qb3
28. Nc5 Nxc5 29. Rxc5 Rd8 30. Re1 Bd6 31. Qc2 Qb4 32. Rc8 Qxe1 33. Rxd8+ Bf8
34. d6 Qa5 35. Rc8 Qd5 36. Rd8 Qa5 37. Rb8 Qd5 38. Rxf8+ Kxf8 39. Qc8+ Kg7 40.
d7 Qd2+ 41. Kh3 Qd1 42. Qc3+ Kh7 1/2-1/2

[Event "Xtracon Chess Open 2016"]
[Site "Elsinore"]
[Date "2016.07.31"]
[Round "10.70"]
[White "Molvig, Henrik"]
[Black "Andersen, Per O"]
[Result "1-0"]
[WhiteElo "2110"]
[BlackElo "1962"]
[PlyCount "73"]
[EventDate "2016.07.23"]

1. d4 Nf6 2. c4 c5 3. d5 b5 4. a4 bxc4 5. Nc3 d6 6. e4 g6 7. Bxc4 Bg7 8. Qe2
O-O 9. f4 Bg4 10. Qd3 Bc8 11. Nf3 Ne8 12. O-O Nd7 13. a5 Nc7 14. Re1 Nb8 15. e5
Ba6 16. b3 Bxc4 17. bxc4 Nba6 18. Be3 Nb4 19. Qd2 Qd7 20. Ne4 Rfd8 21. Bf2 Nba6
22. Bh4 Ne8 23. Ra3 Rdb8 24. e6 fxe6 25. Neg5 Nf6 26. Nxe6 Re8 27. f5 h6 28.
fxg6 Nc7 29. Rae3 Nxe6 30. Rxe6 Rab8 31. Qe2 Rf8 32. Rxe7 Qd8 33. Qe6+ Kh8 34.
h3 Qc8 35. Qxd6 Rd8 36. Qf4 Ng8 37. Rxg7 1-0

[Event "Xtracon Chess Open 2016"]
[Site "Elsinore"]
[Date "2016.07.31"]
[Round "10.71"]
[White "Molvig, Julius"]
[Black "Nielsen, Jan Mose"]
[Result "0-1"]
[WhiteElo "1964"]
[BlackElo "2110"]
[PlyCount "88"]
[EventDate "2016.07.23"]

1. d4 Nf6 2. c4 e6 3. Nf3 c5 4. d5 b5 5. Bg5 exd5 6. cxd5 d6 7. e4 a6 8. Bd3
Be7 9. O-O Nxd5 10. Bxb5+ axb5 11. Qxd5 Ra7 12. Bxe7 Qxe7 13. Rd1 Be6 14. Qxd6
Qxd6 15. Rxd6 Ke7 16. Rd1 Rxa2 17. Rxa2 Bxa2 18. Nc3 Bc4 19. Ne5 Bb3 20. Rd3 f6
21. Ng4 Nc6 22. Nd5+ Bxd5 23. Rxd5 Rd8 24. Ne3 Rxd5 25. Nxd5+ Kd6 26. f4 Na5
27. Kf2 Nc4 28. b4 cxb4 29. Nxb4 Kc5 30. Nd5 Kd4 31. Ke2 Nd6 32. Nc7 Kxe4 33.
g3 g6 34. Kd2 Kf3 35. Nd5 f5 36. Kd3 Ne4 37. Ne3 Nf2+ 38. Kd4 Ng4 39. Nd5 Nxh2
40. Nf6 Kxg3 41. Nxh7 Kxf4 42. Nf8 Nf3+ 43. Kc5 g5 44. Ng6+ Ke4 0-1

[Event "Xtracon Chess Open 2016"]
[Site "Elsinore"]
[Date "2016.07.31"]
[Round "10.73"]
[White "Holm, Ragnar"]
[Black "Bluebaum, Johanna"]
[Result "1/2-1/2"]
[WhiteElo "2104"]
[BlackElo "1939"]
[PlyCount "47"]
[EventDate "2016.07.23"]

1. c4 c6 2. d4 d5 3. cxd5 cxd5 4. Nc3 Nf6 5. f3 Nc6 6. e4 dxe4 7. d5 Nb8 8.
fxe4 e5 9. Nf3 Bg4 10. Qa4+ Bd7 11. Qb3 Qc7 12. Bg5 h6 13. Bh4 Nh5 14. O-O-O
Na6 15. Kb1 Nc5 16. d6 Bxd6 17. Qd5 Be7 18. Bxe7 Kxe7 19. Qxe5+ Qxe5 20. Nxe5
Rhd8 21. Nd5+ Kf8 22. Be2 Nf6 23. Nxf6 gxf6 24. Nxd7+ 1/2-1/2

[Event "Xtracon Chess Open 2016"]
[Site "Elsinore"]
[Date "2016.07.31"]
[Round "10.74"]
[White "Rishovd, Svein"]
[Black "Lunde, Sigmund"]
[Result "1-0"]
[WhiteElo "2099"]
[BlackElo "1894"]
[PlyCount "79"]
[EventDate "2016.07.23"]

1. Nf3 Nf6 2. d4 d5 3. c4 e6 4. g3 Be7 5. Bg2 O-O 6. O-O c6 7. Qc2 Ne4 8. Ne1
f5 9. f3 Nf6 10. Be3 Na6 11. a3 Bd7 12. Nd2 Rc8 13. c5 b6 14. b4 Nh5 15. Nd3 g5
16. Ne5 b5 17. Nb3 Be8 18. Na5 Qc7 19. Qd2 h6 20. Bf2 Bf6 21. Bh3 Ng7 22. Rfb1
Bxe5 23. dxe5 Qxe5 24. Nb7 Qf6 25. Nd6 Rd8 26. a4 Nc7 27. axb5 Nxb5 28. Nxb5
cxb5 29. Rxa7 Bc6 30. Ra6 e5 31. f4 Rc8 32. fxe5 Qxe5 33. Bd4 Qe4 34. Rd1 Ne6
35. Bg2 Qg4 36. Ba1 f4 37. Qb2 Kh7 38. Ra7+ Rc7 39. Rxc7+ Nxc7 40. Qg7# 1-0

[Event "Xtracon Chess Open 2016"]
[Site "Elsinore"]
[Date "2016.07.31"]
[Round "10.75"]
[White "Meyer, Juergen"]
[Black "Machlik, Endre"]
[Result "1/2-1/2"]
[WhiteElo "1925"]
[BlackElo "2091"]
[PlyCount "151"]
[EventDate "2016.07.23"]

1. e4 c6 2. d4 d5 3. e5 Bf5 4. Nf3 e6 5. Be2 c5 6. Be3 cxd4 7. Nxd4 Ne7 8. Nd2
Nbc6 9. N2f3 Bg4 10. O-O Bxf3 11. Nxf3 Nf5 12. Bf4 Bc5 13. c4 dxc4 14. Qxd8+
Rxd8 15. Bxc4 O-O 16. Rfd1 Nfd4 17. Ng5 Bb6 18. Bg3 Nf5 19. Bb5 Bd4 20. Bxc6
bxc6 21. Nf3 Bxb2 22. Rab1 c5 23. Kf1 Ba3 24. Rxd8 Rxd8 25. Rb7 a5 26. Nd2 h6
27. Nc4 Rd1+ 28. Ke2 Ra1 29. Nxa5 Rxa2+ 30. Kf3 Nd4+ 31. Ke4 Nf5 32. Nc4 Bc1
33. Kf3 Ra4 34. Nd6 Nd4+ 35. Ke4 Nf5+ 36. Kf3 Rb4 37. Ke2 Nd4+ 38. Kd3 Nc6 39.
Rxb4 cxb4 40. Kc2 Bg5 41. Nb5 Be7 42. f4 Bc5 43. Be1 Kf8 44. Kd3 Ke7 45. Kc4
Be3 46. g3 f6 47. exf6+ gxf6 48. Nc7 b3 49. Kxb3 Nd4+ 50. Kc4 Nf3 51. Kd3 Bb6
52. Bb4+ Kf7 53. Nb5 Nxh2 54. Ke2 h5 55. Nc3 Ke8 56. Ne4 Kf7 57. Bc3 Ng4 58.
Bd2 Kg6 59. Kf3 Bc7 60. Bb4 e5 61. Bd6 Bb6 62. fxe5 fxe5 63. Bb4 Kf5 64. Nd6+
Ke6 65. Ne4 Kd5 66. Ng5 Bd8 67. Bd2 Be7 68. Bc1 Kd4 69. Bb2+ Kd3 70. Ne4 Bb4
71. Bxe5 Nxe5+ 72. Kf4 Kd4 73. Nf6 Bd6 74. Nxh5 Nf7+ 75. Kf5 Bxg3 76. Nxg3
1/2-1/2

[Event "Xtracon Chess Open 2016"]
[Site "Elsinore"]
[Date "2016.07.31"]
[Round "10.76"]
[White "Andreassen, Mikkel"]
[Black "Madsen, Michael B"]
[Result "0-1"]
[WhiteElo "1937"]
[BlackElo "2089"]
[PlyCount "80"]
[EventDate "2016.07.23"]

1. d4 Nf6 2. c4 e6 3. g3 c5 4. d5 exd5 5. cxd5 b5 6. Bg2 d6 7. e4 Bb7 8. Nh3 g6
9. O-O Bg7 10. a4 b4 11. Nd2 Ba6 12. Re1 Nbd7 13. f4 O-O 14. Qf3 Re8 15. Ra2
Nxd5 16. e5 Nc7 17. b3 dxe5 18. f5 Rb8 19. Ne4 Bb7 20. Bg5 f6 21. fxg6 hxg6 22.
Qg4 fxg5 23. Rd2 Nf6 24. Nxf6+ Qxf6 25. Bxb7 Rxb7 26. Nxg5 Ne6 27. Ne4 Qf5 28.
Qd1 Nd4 29. Rf2 Qe6 30. Nxc5 Qd5 31. Nxb7 Qxb7 32. Qd3 Qc6 33. Qe4 Qxe4 34.
Rxe4 a5 35. Re3 Rc8 36. Kg2 Rc3 37. Rxc3 bxc3 38. b4 axb4 39. a5 b3 40. a6 Nb5
0-1

[Event "Xtracon Chess Open 2016"]
[Site "Elsinore"]
[Date "2016.07.31"]
[Round "10.77"]
[White "Sorensen, Bernhard W"]
[Black "Frederiksen, Jacob"]
[Result "1-0"]
[WhiteElo "1655"]
[BlackElo "1382"]
[PlyCount "77"]
[EventDate "2016.07.23"]

1. e4 c5 2. Nf3 Nc6 3. d4 cxd4 4. Nxd4 g6 5. Nc3 Bg7 6. Be3 Nf6 7. Bc4 O-O 8.
Bb3 d6 9. f3 Bd7 10. Qd2 Rc8 11. Nxc6 Bxc6 12. Bxa7 b6 13. Qe3 b5 14. Bb6 Qd7
15. Qd2 Qb7 16. Bd4 e6 17. g4 b4 18. Ne2 e5 19. Be3 Rfd8 20. Bg5 Rd7 21. Bxf6
Bxf6 22. g5 Bg7 23. O-O-O d5 24. exd5 Qb5 25. Qd3 Qa5 26. Qe4 Ba4 27. Qd3 Bxb3
28. Qxb3 Bf8 29. Kb1 Qb5 30. Rd2 Ra7 31. Rhd1 Rca8 32. Nc1 Bg7 33. d6 e4 34.
Rd5 Qb6 35. fxe4 Ra3 36. bxa3 Rxa3 37. Qc4 Rc3 38. Qb5 Qf2 39. R5d2 1-0

[Event "Xtracon Chess Open 2016"]
[Site "Elsinore"]
[Date "2016.07.31"]
[Round "10.78"]
[White "Jacobsen, Per"]
[Black "Palozza, Flavio"]
[Result "0-1"]
[WhiteElo "1636"]
[BlackElo "1342"]
[PlyCount "73"]
[EventDate "2016.07.23"]

1. f4 g6 2. Nf3 Bg7 3. e3 c6 4. d4 d5 5. Bd3 Bg4 6. c3 Nf6 7. Nbd2 e6 8. O-O
O-O 9. Qe1 Bxf3 10. Nxf3 Nbd7 11. Ng5 c5 12. Rf3 h6 13. Nh3 cxd4 14. cxd4 Qb6
15. Bd2 Qxb2 16. Bc3 Qb6 17. Rb1 Qc7 18. Rc1 Qd8 19. Bd2 Re8 20. Qf1 Rc8 21.
Rb1 b6 22. Qe2 Nf8 23. Rbf1 Qd6 24. Be1 Qa3 25. Bh4 N8h7 26. e4 dxe4 27. Bxe4
Qa4 28. Bf2 Ng4 29. Rd3 Rc2 30. Qxg4 f5 31. Bxf5 gxf5 32. Qg6 Nf8 33. Qg3 Rxa2
34. Rc3 Ra1 35. Rc7 Rxf1+ 36. Kxf1 Qd1+ 37. Be1 0-1